[Event "GER-ch U12 Girls"]
[White "Fettan, Nua"]
[Black "Schille, Marlene"]
[Site "Willingen"]
[Round "1"]
[Result "1-0"]
[Date "2024.05.19"]
[WhiteElo "1599"]
[BlackElo "1228"]
[PlyCount "85"]
[EventDate "2024.05.19"]
[EventType "swiss"]
[EventRounds "9"]
[EventCountry "GER"]
[SourceTitle "CBM 220 Extra"]
[Source "ChessBase"]
[SourceDate "2024.07.31"]
[SourceVersion "1"]
[SourceVersionDate "2024.07.31"]
[SourceQuality "1"]

1. e4 c5 2. Nc3 Nc6 3. f4 e6 4. Nf3 Nge7 5. d3 Ng6 6. g3 d5 7. Bg2 d4 8. Ne2 Be7 9. 0-0 0-0 10. Qe1 Qb6 11. a3 c4 12. g4 cxd3 13. cxd3 Kh8 14. b4 Bd7 15. Bb2 Rac8 16. Kh1 Qc7 17. Nfxd4 e5 18. Nxc6 Bxc6 19. Qc3 Bf6 20. f5 Nf4 21. Nxf4 exf4 22. Qd2 Bg5 23. Qf2 b6 24. h4 Be7 25. g5 f6 26. g6 h6 27. Bc1 Bd6 28. Bxf4 Rcd8 29. Rad1 Ba4 30. Rc1 Qb8 31. Qe3 Bb5 32. Bxh6 Bxd3 33. Bxg7+ Kxg7 34. Qxd3 Bf4 35. Qf3 Bxc1 36. Rxc1 Rc8 37. Re1 Rh8 38. h5 Rc4 39. Rd1 Qe5 40. Rd7+ Kg8 41. Qd1 Rc8 42. Qb3+ Kf8 43. Qf7# 1-0